AICTE: norms and standards / (Record no. 12885)

000 -LEADER
fixed length control field 00393nam a22001457a 4500
008 - FIXED-LENGTH DATA ELEMENTS--GENERAL INFORMATION
fixed length control field 211223b ||||| |||| 00| 0 eng d
041 0# - LANGUAGE CODE
Language code of text/sound track or separate title eng
082 00 - DEWEY DECIMAL CLASSIFICATION NUMBER
Classification number 324.630968
Item number A2884
110 ## - MAIN ENTRY--CORPORATE NAME
9 (RLIN) 5168
Corporate name or jurisdiction name as entry element All India Institute of Technical Education
245 10 - TITLE STATEMENT
Title AICTE: norms and standards /
260 ## - PUBLICATION, DISTRIBUTION, ETC. (IMPRINT)
Place of publication, distribution, etc New Delhi :
Name of publisher, distributor, etc AICTE,
Date of publication, distribution, etc 1995.
300 ## - PHYSICAL DESCRIPTION
Extent 348 p.
650 #0 - SUBJECT ADDED ENTRY--TOPICAL TERM
Topical term or geographic name as entry element Technical Education
942 ## - ADDED ENTRY ELEMENTS (KOHA)
Item type Books
Holdings
Withdrawn status Lost status Source of classification or shelving scheme Damaged status Not for loan Permanent location Current location Date acquired Source of acquisition Full call number Barcode Date last seen Cost, replacement price Koha item type
          IMU Kolkata IMU Kolkata 1996-09-18 AICTE 324.630968 A2884 08775 2021-12-23 150.00 Books
Designed and Maintained by IMU-KC Library, Kolkata Campus © Copyright All Rights Reserved

webs counters

Powered by Koha